How Many European Countries Can You Name In 1 Minute? - Statistics

General Stats
  • This quiz has been taken 890 times
    860 since last reset
  • The average score is 15 of 47
Answer Stats
Country % Correct
France
80%
Spain
75%
Germany
74%
Uk
65%
Italy
63%
Portugal
55%
Russia
53%
Sweden
52%
Poland
49%
Finland
44%
Norway
44%
Ireland
40%
Ukraine
39%
Belgium
35%
Denmark
35%
Greece
35%
Netherlands
34%
Austria
33%
Switzerland
30%
Iceland
27%
Estonia
27%
Latvia
26%
Croatia
25%
Hungary
25%
Romania
25%
Slovakia
25%
Luxembourg
24%
Serbia
24%
Andorra
23%
Albania
22%
Belarus
22%
Lithuania
21%
Slovenia
21%
Bulgaria
19%
Czech Republic
18%
Monaco
17%
Vatican
17%
Turkey
16%
Malta
15%
San Marino
15%
Kosovo
14%
Bosnia
13%
Moldova
13%
Montenegro
12%
Macedonia
11%
Liechtenstein
10%
Cyprus
9%
No matching quizzes found
Score Distribution
Percent of People with Each Score
Percentile by Number Answered
Your Score History
You have not taken this quiz since the last reset